|
|
|
|
| LEADER |
00000cam a2200000 a 4500 |
| 001 |
vtls010336126 |
| 003 |
SK-MaSNL |
| 005 |
20260301173451.0 |
| 008 |
240315s2012 xo g 000 f slo |
| 015 |
|
|
|a SNBA2012/02-01128
|
| 020 |
|
|
|a 9788055127224
|q (viaz.)
|
| 035 |
|
|
|a 0B2456B8-59C5-452C-BA29-1849DB09FC4E
|
| 035 |
|
|
|a urn:nbn:sk:snk-amjjmg
|
| 035 |
|
|
|a urn:nbn:sk:snk-am000yg4
|
| 040 |
|
|
|a SNK
|b slo
|c SNK
|e AACR2
|
| 041 |
1 |
|
|a slo
|h eng
|
| 044 |
|
|
|a xo
|c SK
|
| 072 |
|
7 |
|a 821.111(73)-3
|x Americká próza
|2 konspekt
|
| 080 |
|
|
|a 821.111(73)-31
|2 2001
|
| 080 |
|
|
|a (0:82-312.5)
|2 2001
|
| 100 |
1 |
|
|a Carr, Robyn,
|d 1951-
|4 aut
|9 241831
|
| 240 |
1 |
0 |
|a Virgin River
|l Slovensky
|
| 245 |
1 |
0 |
|a Nový domov
|c Robyn Carrová ; [z anglického originálu preložila Miriam Ghaniová]
|
| 250 |
|
|
|a [1. vyd.]
|
| 260 |
|
|
|a Bratislava
|b Ikar
|c 2012
|
| 300 |
|
|
|a 311 s.
|c 21 cm
|
| 490 |
1 |
|
|a Virgin River
|
| 655 |
|
7 |
|a americké romány
|2 SNKPH
|9 1174
|
| 655 |
|
7 |
|a ľúbostné romány
|2 SNKPH
|9 70497
|
| 655 |
|
7 |
|a American fiction
|2 SNKPHeng
|9 281076
|
| 655 |
|
7 |
|a Love novels
|2 SNKPHeng
|9 277756
|
| 700 |
1 |
|
|a Ghaniová, Miriam
|4 trl
|9 43894
|
| 830 |
|
0 |
|a Virgin River
|9 544405
|
| 852 |
|
|
|a Štátna vedecká knižnica v Banskej Bystrici
|
| 919 |
|
|
|a 978-80-551-2722-4
|
| 958 |
|
|
|a UP
|
| 958 |
|
|
|a LX
|
| 968 |
|
|
|b ENG
|d 821
|
| 999 |
|
|
|c 836740
|d 838670
|
| 952 |
|
|
|a SNK
|b SNK
|y PREZ
|7 0
|p 17A0877930
|o snkSC 148300
|i snk2012/3763
|8 0
|0 0
|1 0
|4 0
|d 2012-02-13
|l 0
|r 2025-07-17 00:00:00
|w 2026-02-24
|
| 952 |
|
|
|a SNK
|b SNK
|y PREZ
|7 0
|p 17A0879745
|o snkSC 148300 D1
|i snk2012/5712
|8 0
|0 0
|1 0
|4 0
|d 2012-03-06
|f 1
|l 0
|r 2026-02-24 03:57:16
|w 2026-02-24
|